00422nam a2200121 a 450008200160000024500940001626000410011030000080015150000260015950500460018550500480023165000210027900a242.80bLIV aDevotional Offerings to Ganesha, Hanuman, Shiva, Durga, Visnu and Shri Venkareshwara (CD) aNew Delhi bLiving Media Ltd. c2008 a00p aAudio Devotional CD 2 aThis CD lost by Mr. Suresh Facilitator CR2 aThis CD lost by Mr. Suresh Facilitator CR00 aMusic-Devotional